000 00708cab a2200229 4500
001 ABS55362
008 090401t1996 xxu||||| |||| 00| 0 eng d
035 _a(Sirsi) u15975
041 _aeng
100 _aWaterson, G.
245 4 _aThe Landlord and Tenant (Covenants) Act 1995
260 _c1996
350 _a0
490 _aProperty Management
_v14(2) 1996, 35-39(5)
520 _aOutlines the Landlord and Tenant (Covenants) Act 1995, examines principal provision of the Act, and summarises the reforms.
650 _aLANDLORD AND TENANT (COVENANTS) ACT 1995
650 _aLAW COMMISSION
650 _aLEASES
690 _aPROPERTY-LANDLORD AND TENANT
942 _n0
948 _c04/03/1997
999 _c10512
_d10512